000 00442pam a2200169a 44500
008 230405s2017 xxu||||| |||| 00| 0 eng d
020 _a9780323243780
_c$ 98.95 (Rs. 7908)
082 _a617.0231
_bDEW
100 _aDeWit, Susan C.
245 _aMedical-Surgical Nursing,
250 _a3rd Ed.
260 _aMissouri
_bElsevier Saunders
_c2017
300 _a1231 p
502 _atext
700 _aKumagai, Candice K.
906 _a004461
999 _c252571
_d252571